Asian Capitals by their flags and COAs - Statistics

General Stats
  • This quiz has been taken 41 times
  • The average score is 10 of 22
Answer Stats
Picture Answer % Correct
Ankara
100%
Kuala Lumpur
88%
Taipei
75%
Islamabad
72%
New Delhi
72%
Manila
63%
Bangkok
56%
Tokyo
56%
Jakarta
50%
Nur-Sultan
50%
Seoul
50%
Bishkek
44%
Bandar Seri Begawan
41%
Beirut
38%
Abu Dhabi
28%
Muscat
28%
Kathmandu
25%
Tbilisi
25%
Ulaanbaatar
25%
Baku
22%
Israel
22%
Amman
16%
No matching quizzes found
Score Distribution
Percent of People with Each Score
Percentile by Number Answered
Your Score History
You have not taken this quiz